| Tag |
First Indicator |
Second Indicator |
Subfields |
| LEADER |
00000cam a2200000 a 4500 |
| 001 |
in00000025071 |
| 005 |
20151007055717.0 |
| 008 |
870828s1988 enka b 00110 eng |
| 010 |
|
|
|a 87019585
|
| 020 |
|
|
|a 0566055821
|
| 035 |
|
|
|a (OCoLC)16683036
|
| 035 |
|
|
|9 AAB9047AM
|
| 040 |
|
|
|a DLC
|c DLC
|d TXA
|d UtOrBLW
|
| 043 |
|
|
|a e-uk---
|
| 049 |
|
|
|a TXAM
|c [A11089593]
|
| 050 |
0 |
0 |
|a HV751.A6
|b Q85 1988
|
| 082 |
0 |
|
|a 306.8/74/0941
|2 19
|
| 100 |
1 |
|
|a Quinton, David.
|
| 245 |
1 |
0 |
|a Parenting breakdown :
|b the making and breaking of inter-generational links /
|c David Quinton and Michael Rutter.
|
| 264 |
|
1 |
|a Aldershot, Hants, England ;
|a Brookfield, Vt., USA :
|b Avebury,
|c [1988]
|
| 264 |
|
4 |
|c ©1988
|
| 300 |
|
|
|a ix, 270 pages :
|b illustrations ;
|c 23 cm.
|
| 336 |
|
|
|a text
|b txt
|2 rdacontent
|
| 337 |
|
|
|a unmediated
|b n
|2 rdamedia
|
| 338 |
|
|
|a volume
|b nc
|2 rdacarrier
|
| 490 |
1 |
|
|a Studies in deprivation and disadvantage ;
|v 14
|
| 504 |
|
|
|a Bibliography: pages [253]-265.
|
| 500 |
|
|
|a Includes index.
|
| 650 |
|
0 |
|a Children with social disabilities
|z Great Britain.
|
| 650 |
|
0 |
|a Abused children
|z Great Britain.
|
| 650 |
|
0 |
|a Intergenerational relations
|z Great Britain.
|
| 650 |
|
0 |
|a Parental deprivation.
|
| 650 |
|
0 |
|a Family social work
|z Great Britain.
|
| 700 |
1 |
|
|a Rutter, Michael,
|d 1933-
|
| 830 |
|
0 |
|a Studies in deprivation and disadvantage ;
|v 14.
|
| 999 |
|
|
|a MARS
|
| 999 |
f |
f |
|s 4c90d453-f1f3-31a7-ad5d-131b88fb967e
|i 54584b8f-f5a1-3915-bea4-bbc347a0bfd7
|t 0
|
| 952 |
f |
f |
|p ric
|a Texas A&M University
|b Rellis Campus
|c Joint Library Facility
|s JLF
|d Remote Storage
|t 0
|e HV751.A6 Q85 1988
|h Library of Congress classification
|i unmediated -- volume
|m A14811089593
|
| 998 |
f |
f |
|a HV751.A6 Q85 1988
|t 0
|l Remote Storage
|